Sports Quiz

Random Sports or Rugby Quiz

Can you name every England player under Eddie Jones? Quiz Stats

 Plays Quiz not verified by Sporcle

Score 0/75 Timer 12:00
0 Plays Today
Position % Correct
Fly-Half/CentreOwen Farrell
94.2%
Fly-HalfGeorge Ford
91.8%
Scrum-HalfBen Youngs
91.8%
PropMako Vunipola
91.7%
Number 8Billy Vunipola
91.5%
Lock/FlankerMaro Itoje
90.2%
Scrum-HalfDanny Care
90.1%
Full BackMike Brown
89.9%
HookerDylan Hartley
89.7%
PropDan Cole
88.3%
Flanker Chris Robshaw
87.5%
HookerJamie George
86.3%
WingerJonny May
85.5%
Winger/Full BackAnthony Watson
84.8%
LockCourteney Lawes
84%
CentreJonathan Joseph
83.6%
LockJoe Launchbury
82%
PropJoe Marler
81.9%
Flanker/Number 8James Haskell
79.7%
LockGeorge Kruis
79.5%
Winger/Full Back/CentreElliot Daly
78.8%
Scrum-HalfWill Heinz
78.7%
WingerJack Nowell
75.9%
Number 8Nathan Hughes
75.1%
Fly-HalfDanny Cipriani
74.9%
Fly-Half/CentreHenry Slade
72.9%
Scrum-Half Richard Wigglesworth
72.4%
CentreBen Te'o
68%
Flanker Sam Underhill
63.1%
Winger Chris Ashton
62.2%
PropKyle Sinckler
61.6%
Full BackAlex Goode
60%
CentreManu Tuilagi
59.2%
FlankerTom Curry
58.5%
PropHarry Williams
57.9%
FlankerSam Simmonds
57.8%
PropBen Moon
57.1%
HookerLuke Cowan-Dickie
56.6%
Position % Correct
PropEllis Genge
55.3%
FlankerTom Wood
53.6%
Scrum-HalfDan Robson
53.1%
Full BackGeorge Furbank
52.3%
Fly-Half/CentreAlex Lozowski
50.9%
WingerDenny Solomona
48.7%
WingerMarland Yarde
47.4%
Scrum-HalfBen Spencer
47.4%
WingerJoe Cokanasiga
47%
FlankerLewis Ludlam
47%
HookerJack Singleton
46.6%
FlankerMark Wilson
42.8%
Fly-HalfPiers Francis
42.5%
Flanker/LockCharlie Ewels
42.4%
Flanker/Number 8Brad Shields
41.4%
WingerSemesa Rokoduguni
40.5%
CentreLuther Burrell
39.4%
FlankerTed Hill
39.4%
PropAlec Hepburn
37.1%
Flanker/Number 8Ben Earl
36.5%
Number 8/FlankerZach Mercer
35.1%
LockNick Isiekwe
33.5%
FlankerTeimana Harrison
33.1%
PropWill Stuart
32.3%
PropPaul Hill
32.1%
WingerRuaridh McConnochie
31.7%
CentreJoe Marchant
30.9%
LockDave Attwood
30.8%
FlankerDon Armand
30.3%
FlankerJack Clifford
27.1%
PropMatt Mullan
26.8%
HookerTommy Taylor
26.7%
Scrum-HalfJack Maunder
23.8%
PropKieran Brookes
21.8%
CentreOllie Devoto
20.1%
FlankerMatt Kvesic
19.8%
PropWill Collier
12.9%
Remove Ads.
Support Sporcle.
Get the best of Sporcle when you Go Orange. This ad-free experience offers more features, more stats, and more fun while also helping to support Sporcle. Thank you for becoming a member.

You're not logged in!

Compare scores with friends on all Sporcle quizzes.
OR
Log In

Sporcle TV

Today on Sporcle TV


Watch our educational content, quiz creation guides, and fun videos on Sporcle TV.

Show Comments

Extras

Top Quizzes Today


Score Distribution

Paid Content

Your Account Isn't Verified!

In order to create a playlist on Sporcle, you need to verify the email address you used during registration. Go to your Sporcle Settings to finish the process.

Report this User

Report this user for behavior that violates our Community Guidelines.

Details: